| 000 | 00300 a2200097 4500 | ||
|---|---|---|---|
| 090 |
_c6433 _d6433 |
||
| 245 |
_aDxDesigner for expedition PCB flow ( lab workbook) [Manual] _cMentor Graphics Co. |
||
| 260 |
_aU S A : _bMentor Graphics Co., _c2009. |
||
| 300 |
_a196 p : _bill. ; _c27 cm. |
||
| 942 |
_cBK _k006.6 MEN |
||
| 999 |
_c10264 _d10264 |
||